01272cam a2200325 a 4500001000500000005001700005020004300022020001800065020005400083040002300137050002700160082001600187100001800203245005800221250005400279260003400333300004900367490002400416500003800440500004300478505000700521520023100528521001700759521001700776650002600793650002000819650004100839650003700880700002900917237820231121140259.0 a9781600400049 (hardcover : alk. paper) a9780545068383 a9781600400056 (reinforced lib. bdg. : alk. paper) aDLCcDLCdDLCbeng00aPZ7.L9787155bPol 200700a599.7862221 aLumry, Amanda10aPolar bear puzzle /cby Amanda Lumry & Laura Hurwitz. aFirst Scholastic paperback printing, January 2009 aBellevue :bScholastic,c2007 a33 pages :bcolor illustrations c25 x 28 cm0 aAdventures of Riley a"Smithsonian Institution"--Cover. a"Widlife Conservation Society"--Cover. aT  aRiley, Uncle Max, Aunt Martha, and Cousin Alice meet in northern Canada, where they study and help polar bears that are wandering through towns while waiting for Hudson Bay to freeze over again so that they can hunt for seals.1 a860 bLexile1 aT bRaz-Plus 1aPolar bearsvFiction. 1aBearsvFiction. 1aHuman-animal relationshipsvFiction. 1aAnimalszPolar regionsvFiction.1 aHurwitz, LauraeCoauthor